| 000 -LEADER |
| fixed length control field |
01710nam a2200253Ia 4500 |
| 001 - CONTROL NUMBER |
| control field |
23266 |
| 003 - CONTROL NUMBER IDENTIFIER |
| control field |
GE_BSU |
| 008 - FIXED-LENGTH DATA ELEMENTS--GENERAL INFORMATION |
| fixed length control field |
181216s||||||||xx |||||||||||||| ||und|| |
| 040 ## - CATALOGING SOURCE |
| Transcribing agency |
GE_BSU |
| 080 ## - UNIVERSAL DECIMAL CLASSIFICATION NUMBER |
| Universal Decimal Classification number |
94(479.22)"16"(093უცხ.)+910.4(479.22) |
| 245 ## - TITLE STATEMENT |
| Title |
ევლია ჩელების "მოგზაურობის წიგნი". ტ. 2. ნაკვ. 1. ქართული თარგმანი. |
| 245 ## - TITLE STATEMENT |
| Statement of responsibility, etc. |
თურქულიდან თარგმნა, კომენტარები და გამოკვლევა დაურთო გ. ფუთურიძემ ; მთ. რედაქცია: ი. აბულაძე, ვლ. ფუთურიძე, ს. ყაუხჩიშვილი და სხვ |
| 250 ## - EDITION STATEMENT |
| Edition statement |
საქ. სსრ მეცნ. აკად. საქ. შესახებ არსებ. უცხოური წყაროების კომისია |
| 260 ## - PUBLICATION, DISTRIBUTION, ETC. |
| Place of publication, distribution, etc. |
თბილისი |
| 260 ## - PUBLICATION, DISTRIBUTION, ETC. |
| Name of publisher, distributor, etc. |
მეცნიერება |
| 260 ## - PUBLICATION, DISTRIBUTION, ETC. |
| Date of publication, distribution, etc. |
1971 |
| 300 ## - PHYSICAL DESCRIPTION |
| Extent |
448 გვ. 22სმ. |
| 520 ## - SUMMARY, ETC. |
| Summary, etc. |
პარალ. სათ. რუს. და ფრანგ.ენ. |
| 653 ## - INDEX TERM--UNCONTROLLED |
| Uncontrolled term |
ევლია ჩელების "მოგზაურობის წიგნი". ტ.2. ნაკვ. 1. ქართული თარგმანი. |
| 653 ## - INDEX TERM--UNCONTROLLED |
| Uncontrolled term |
თურქული წყაროები; მოგზაურობა საქართველოში; |
| 653 ## - INDEX TERM--UNCONTROLLED |
| Uncontrolled term |
საქართველოს ისტორია. XVII ს. უცხოური წყაროები; თურქი მოგზაურები; |
| 942 ## - ADDED ENTRY ELEMENTS (KOHA) |
| Koha item type |
წიგნი |